Jeux Pokémon par Lieux - Statistiques

Statistiques générales
  • Ce quiz a été pris 201 fois
  • Le résultat moyen est 18 sur 27
Statistiques - réponses
Villes Jeu % Correct
Forge Fuego Pokémon Diamant & Perle
97%
Hangar Frigorifique Pokémon Noir & Blanc
96%
L'Océane Pokémon Rouge, Bleu & Jaune
96%
Centre Météo Pokémon Rubis & Saphir
96%
Antre du Dragon Pokémon Or & Argent
95%
Hôtel Désolation Pokémon X & Y
93%
Monde Distorsion Pokémon Platine
90%
Club Hano-Hano Pokémon Soleil & Lune
90%
Forêt de Lumirinth Pokémon Épée & Bouclier
89%
Galerie Concorde Pokémon Noir 2 & Blanc 2
89%
Lavandia Sea Pokémon Rubis Oméga & Saphir Alpha
89%
Île 5 Pokémon Rouge Feu & Vert Feuille
83%
Portail Falaise Pokémon HeartGold & SoulSilver
79%
Tour Mirage Pokémon Émeraude
77%
Plage Big Wave Pokémon Ultra Soleil & Ultra-Lune
75%
Poste Békipan Pokémon Donjon Mystère Équipe Bleue & Rouge
74%
Parc Rosa Rugosa Pokémon Diamant Étincelant & Perle Scintillante
67%
Suerebe Pokémon Colosseum
65%
Printiville Pokémon Ranger
56%
Port Amarrée Pokémon XD
49%
Rusti-Cité Légendes Pokémon : Arceus
46%
Désert Sabrûlant New Pokémon Snap
42%
Zone Balnéaire Poképark Wii
37%
Citadelle des Champions Pokémon Stadium
32%
Colosseum du Belvédère Pokémon Battle Revolution
18%
Stade Ferrum Pokkén Tournament
15%
Aurora Pokémon Conquest
10%
Aucun quiz correspondant
Distribution des résultats
% des personnes avec chaque résultat
Percentile par nombre de réponses
Votre historique - résultats
Vous n’avez pas pris ce quiz